000 02302nab a2200289 a 4500
005 20210219163552.0
008 991125s1985 mx 000 0 spa u
024 3 _adx.doi.org/10.6018/j/308991
035 _aUPN01000225050
049 _aART
100 1 _aHernando Mora, Inmaculada
100 1 _aSanz Ponce, Roberto
222 0 _aEDUCATIO SIGLO XXI : REVISTA DE LA FACULTAD DE EDUCACION
245 0 1 _a¿Crece la conflictividad escolar? :
_bpercepciones de estudiantes y profesorado de secundaria
260 _aMurcia, España
300 _a255-276
362 0 _a2017 Volumen 35, número 3, noviembre
520 3 _aLa conflictividad escolar, un tema que ha sido estudiado en profundidad en los últimos años, preocupa a gran parte de la sociedad. Durante cierto tiempo, el acoso escolar ha seguido una trayectoria ascendente, sin embargo, han comenzado a aparecer nuevos estudios que demuestran que el clima escolar está mejorando. El objetivo de este artículo es comprobar si realmente el clima escolar está mejorando, mediante dos encuestas basadas en las percepciones de los profesores y de los alumnos, que fueron realizadas durante los cursos 1998/1999 y 2011/2012 por diferentes investigadores. La muestra total incluía a más de 4.000 profesores y estudiantes de tercer curso de Educación Secundaria. Los resultados muestran que, según los participantes, los estudiantes no presentan comportamientos especialmente problemáticos y que el clima escolar es positivo. La mayoría de las agresiones son verbales y los estudiantes problemáticos se limitan a entorpecer el curso de las clases. A pesar de ello, un 15% de los profesores se sienten desmotivados debido a la conflictividad escolar. También se ha comprobado que la situación familiar afecta a los resultados escolares. El porcentaje de estudiantes que repiten curso es mayor en aquellos hogares desestructurados y en aquellos en los que las madres se ausenta por motivos laborales
653 0 _aCLIMA ESCOLAR
653 0 _aEDUCACION SECUNDARIA
653 0 _aCONFLICTO ESCOLAR
653 0 _aACOSO ESCOLAR
856 4 _uhttp://revistas.um.es/educatio/article/view/308991/218291
856 4 _uhttp://dx.doi.org/10.6018/j/308991
856 4 _uhttps://dialnet.unirioja.es/ejemplar/472761
905 _aArticulo
999 _c197146
_d197146